000 00222 a2200097 4500
001 42802
100 _aNoble, J
245 _aPhysiology of Exercise & Sport
260 _aLondon
_bJohn Murray Ltd
_c
090 _c26692
_d26692
942 _aNUST-CAE
_cM
_c18549
999 _c277875
_d277875